000 01286cad a22002415a 4500
001 L137504
008 070412s2007 xxkdk f f000 0 eng d
020 _a9780115528569
035 _a(Sirsi) u137504
041 0 _aeng
050 0 4 _a711.7 $2 18
110 1 _aUnited Kingdom
_bDepartment for Transport
_94866
245 0 0 _aGuidance on transport assessment
_h[electronic resource]
260 _aNorwich
_bTSO
_c2007
520 _aPPG13 states that where a new development will have significant transport implications a transport assessment (TA) should be prepared and submitted with a planning application for the development. Assists stakeholders in determining whether an assessment may be required and, if so, what the level and scope of that assessment should be. Provides guidance on the content and preparation of both transport assessments and transport statements.
590 _aKA
650 2 4 _aPLANNING POLICY GUIDANCE NOTE 13
651 4 _aUnited Kingdom
_y
690 _aPROPERTY-INFRASTRUCTURE-TRANSPORT INFRASTRUCTURE
710 1 _aUnited Kingdom
_bDepartment for Communities and Local Government
_94939
856 4 0 _uhttps://www.dft.gov.uk/pgr/regional/transportassessments/guidanceonta?version=1
_zView the item free of charge at www.dft.gov.uk...
942 _n0
999 _c106804
_d106804